000 00378nam a2200181Ia 4500
005 20251020182553.0
008 200515s9999 xx 000 0 und d
082 _aR/65.021/N82
100 _aNORTON, Peter
245 0 _aDiscos duros
260 _aMadrid
260 _c1990
300 _a459
650 _aDISCOS
650 _aINFORMATICA
650 _aLIB
942 _cLIB
999 _c2788
_d2788